| 000 | 00467 a2200157 4500 | ||
|---|---|---|---|
| 020 | _a0814471269 | ||
| 024 | _a9780814471265 | ||
| 082 | _a658.4'07125 | ||
| 090 |
_c6858 _d6858 |
||
| 100 | _aGillen,Terry | ||
| 245 |
_aThe Performance Management Activity Pack. _bTools for Building Appraisal and Performance Development Skills. _cTerry Gillen |
||
| 260 |
_aNew York _bAMACOM _c2001. |
||
| 300 | _a317p. | ||
| 500 | _aPaper cover | ||
| 942 |
_aNBS _cBK _k658.4'07125 GIL |
||
| 999 |
_c349197 _d349197 |
||